[Event "EU-ch 23rd"]
[Site "Vrnjacka Banja"]
[Date "2023.03.12"]
[Round "10"]
[White "Zawadzka, Jolanta"]
[Black "Ozsakallioglu, Okan"]
[Result "1-0"]
[WhiteElo "2391"]
[BlackElo "2264"]
[PlyCount "53"]
[EventDate "2023.03.03"]
[EventType "swiss"]
[EventRounds "11"]
[EventCountry "SRB"]
[SourceTitle "CBM 213"]
[Source "ChessBase"]
[SourceDate "2023.04.30"]
[SourceVersion "1"]
[SourceVersionDate "2023.04.30"]
[SourceQuality "1"]

1. e4 c5 2. Nf3 e6 3. d4 cxd4 4. Nxd4 Nf6 5. Nc3 Nc6 6. a3 Be7 7. Nxc6 bxc6 8. e5 Nd5 9. Qg4 Kf8 10. Qf3 Qc7 11. Qg3 h5 12. h4 Nxc3 13. Qxc3 d5 14. exd6 Bxd6 15. Be3 Be5 16. Qc5+ Bd6 17. Qc4 Qa5+ 18. c3 Qd5 19. Qa4 Bb7 20. Be2 Rb8 21. Qxa7 Kg8 22. Bf3 Qb5 23. a4 Qxb2 24. 0-0 Ba8 25. Rad1 Bf8 26. Bf4 e5 27. Bxe5 1-0

[Event "EU-ch 23rd"]
[Site "Vrnjacka Banja"]
[Date "2023.03.11"]
[Round "9"]
[White "Sahin, Ozgun"]
[Black "Zawadzka, Jolanta"]
[Result "0-1"]
[WhiteElo "2177"]
[BlackElo "2391"]
[PlyCount "80"]
[EventDate "2023.03.03"]
[EventType "swiss"]
[EventRounds "11"]
[EventCountry "SRB"]
[SourceTitle "CBM 213"]
[Source "ChessBase"]
[SourceDate "2023.04.30"]
[SourceVersion "1"]
[SourceVersionDate "2023.04.30"]
[SourceQuality "1"]

1. e4 c5 2. Nc3 Nc6 3. Bb5 Nd4 4. Bc4 a6 5. a4 e6 6. Nge2 Nf6 7. 0-0 d5 8. exd5 exd5 9. Ba2 Bd6 10. d3 Ne6 11. f4 Nc7 12. a5 0-0 13. Na4 Re8 14. h3 Bd7 15. Nb6 Rb8 16. Ng3 Bc6 17. c3 Na8 18. Nxa8 Rxa8 19. Bd2 Bc7 20. b4 d4 21. Nh5 g6 22. Nxf6+ Qxf6 23. Rc1 Qf5 24. Bc4 dxc3 25. Bxc3 cxb4 26. Bxb4 Bxa5 27. Bxa5 Qxa5 28. f5 Re7 29. fxg6 hxg6 30. Qb3 Rf8 31. d4 Be4 32. Rf2 b5 33. Be2 Qd8 34. Rd1 Bd5 35. Qg3 Rfe8 36. Bd3 Re3 37. Qf4 Qe7 38. h4 Re1+ 39. Rxe1 Qxe1+ 40. Kh2 Re4 0-1

[Event "EU-ch 23rd"]
[Site "Vrnjacka Banja"]
[Date "2023.03.05"]
[Round "3"]
[White "Suleymanli, Aydin Elshan"]
[Black "Zawadzka, Jolanta"]
[Result "1-0"]
[WhiteElo "2552"]
[BlackElo "2391"]
[PlyCount "81"]
[EventDate "2023.03.03"]
[EventType "swiss"]
[EventRounds "11"]
[EventCountry "SRB"]
[SourceTitle "CBM 213"]
[Source "ChessBase"]
[SourceDate "2023.04.30"]
[SourceVersion "1"]
[SourceVersionDate "2023.04.30"]
[SourceQuality "1"]

1. c4 e6 2. Nc3 d5 3. d4 c6 4. e3 Nf6 5. Nf3 Nbd7 6. Qc2 Bd6 7. b3 0-0 8. Be2 b6 9. 0-0 Bb7 10. Bb2 Qe7 11. Rad1 Rad8 12. Rfe1 Rfe8 13. Bf1 e5 14. dxe5 Nxe5 15. Nd4 dxc4 16. Nf5 Qe6 17. Nxd6 Rxd6 18. Rxd6 Qxd6 19. Rd1 cxb3 20. axb3 Qe7 21. Ne4 Nd5 22. Ng3 Bc8 23. e4 Nb4 24. Qc3 f6 25. f4 Nf7 26. Bc4 a5 27. h3 b5 28. Be2 Rd8 29. Ra1 Nd6 30. Qc5 Qe6 31. Rd1 Qxb3 32. Rxd6 Rxd6 33. Qxd6 Qxg3 34. Qd8+ Kf7 35. Bh5+ g6 36. Qc7+ Ke8 37. Qxc8+ Ke7 38. Qc7+ Ke8 39. Bxf6 Qe1+ 40. Kh2 Qxe4 41. Bg4 1-0